000 00451nam a2200181Ia 4500
001 20062
003 IN-NITTTR
005 20251114233230.0
008 251113s9999||||xx |||||||||||||| ||eng||
040 _beng
040 _cIN-NITTTR
041 _aeng
082 _a005.43 A17W
100 _aAdams, Philip M.
245 0 _aWriting DOS device drivers in C. /
_cAdams, Philip M., Tondo, Clovis L.
700 _a Tondo, Clovis L.
942 _2ddc
_cBK
999 _c22696
_d22696